| 000 | 00725nmm a2200265 a 4500 | ||
|---|---|---|---|
| 003 | AR-BaBNM | ||
| 005 | 20251128211708.0 | ||
| 008 | 255020s2005 ||||||||||||||000 | spa|| | ||
| 020 | _a950-16-3111-7 | ||
| 040 | _cAR-BaBNM | ||
| 100 | 1 | _aBianco, Arnie | |
| 245 | 1 | 0 |
_aDisciplina en el aula _bpropuestas efectivas para mejorar la convivencia |
| 250 | _a1ª ed. | ||
| 260 |
_aBuenos Aires _c2005 _bTroquel |
||
| 300 | 0 | _a176 p. | |
| 504 | _aContiene referencias bibliográficas p. 171-172 | ||
| 650 | 4 | _aDISCIPLINA ESCOLAR | |
| 650 | 4 | _aTECNICAS DIDACTICAS | |
| 650 | 4 | _aACTIVIDADES | |
| 650 | 4 | _aJUEGO | |
| 650 | 4 | _aAMBIENTE EDUCACIONAL | |
| 653 | 0 | _aESTRATEGIAS EDUCATIVAS | |
| 942 | _cBK | ||
| 998 | _craquel | ||
| 999 |
_c20753 _d20753 |
||